Catalog

Record Details

Catalog Search



Available copies

  • 1 of 1 copy available at LARL/NWRL Consortium. (Show)
  • 0 of 0 copies available at Lake Agassiz Regional Library.

Current holds

0 current holds with 1 total copy.

Show Only Available Copies
Location Call Number / Copy Notes Barcode Shelving Location Status Due Date

Record details

  • ISBN: 9780425266021
  • ISBN: 0425266028
  • Physical Description: 323 pages ; 18 cm.
  • Edition: Berkley Sensation mass-market paperback edition.
  • Publisher: New York : Berkley Sensation, 2015.
Subject: Aristocracy (Social class) > Fiction.
Genre: Historical fiction.
Love stories.
LDR 01365cam a2200361Ii 4500
001191539
003LARL_NWRL_CONSORTIUM
00520150928093134.0
008150918s2015 nyu 000 1 eng d
020 . ‡a9780425266021 ‡qpbk.
020 . ‡a0425266028 ‡qpbk.
035 . ‡a(OCoLC)921437462
08204. ‡a813/.6 ‡223
1001 . ‡aAshley, Jennifer, ‡eauthor. ‡0(LARL_NWRL_CONSORTIUM)191270
24514. ‡aThe stolen Mackenzie bride ‡n#8 / ‡cJennifer Ashley.
250 . ‡aBerkley Sensation mass-market paperback edition.
264 1. ‡aNew York : ‡bBerkley Sensation, ‡c2015.
300 . ‡a323 pages ; ‡c18 cm.
336 . ‡atext ‡2rdacontent
337 . ‡aunmediated ‡2rdamedia
338 . ‡avolume ‡2rdacarrier
4900 . ‡aMackenzies ; ‡v8
650 0. ‡aAristocracy (Social class) ‡vFiction. ‡0(LARL_NWRL_CONSORTIUM)163245
655 7. ‡aHistorical fiction. ‡2gsafd
655 7. ‡aLove stories. ‡2gsafd
901 . ‡a191539 ‡bOCLC ‡c191539 ‡tbiblio

Additional Resources